00941nam a22002177a 4500003000500000005001700005008004100022020003000063040002300093082001800116100001400134245012600148260004800274300004800322490003800370500015000408504003200558521001100590651001700601700010500618322820241010085354.0241010b sa ||||| |||| 00| 0 eng d a9780636 082014cPaperback aRDAbEnglishc3228 aST 500.2 PHYS aGeduld, E aFocus study guide. Physical sciences:bGrade 10, Grade 11, Grade 12cE Geduld, W Green, V Mkhwanazi, P Mzolo, D Whitfield aCape Town : bMaskew Miller Longman,c2007. a x, 294 pagesbcolour illustrations:c24 cm aFocus Study Guidex9780636 082014 a"Three grades in one book; Key concept summaries; Practice questions, exams and answers"--Cover. "MOBI cellphone lessons also available"--Cover. aIncludes index and glossary aJunior aSouth Africa aW Green, Jeremy David, MML Studio, MML Studio, DIS / David Pickett, Mckore Graphics, Mckore Graphics